| 000 | 00669nam a22002537a 4500 | ||
|---|---|---|---|
| 005 | 20241002140720.0 | ||
| 008 | 180425b xxu||||| |||| 00| 0 spa d | ||
| 020 | _a9586484459 | ||
| 041 | _aspa | ||
| 082 | _a658.155 D622t | ||
| 100 |
_aDiz Cruz, Evaristo _946945 |
||
| 245 | _aTeoría de riesgo: riesgo actuarial, riesgo financiero | ||
| 260 | _aColombia | ||
| 260 | _bEcoe | ||
| 260 | _c2006 | ||
| 300 | _a181 páginas | ||
| 650 | _aADMINISTRACIÓN DE RIESGOS | ||
| 650 | _aRIESGO FINANCIERO | ||
| 650 | _aPERDIDAS | ||
| 650 | _aTIPOS DE DEDUCIBLE | ||
| 650 | _aÁRBOLES DE RIESGO BINOMIAL | ||
| 650 | _aPROCESOS ESTOCÁSTICOS WIENER | ||
| 942 | _cBK | ||
| 999 |
_c10601 _d10601 |
||